<?xml version="1.0" encoding="UTF-8"?><?xml-stylesheet type="text/xsl" href="static/style.xsl"?><OAI-PMH xmlns="http://www.openarchives.org/OAI/2.0/" xmlns:xsi="http://www.w3.org/2001/XMLSchema-instance" xsi:schemaLocation="http://www.openarchives.org/OAI/2.0/ http://www.openarchives.org/OAI/2.0/OAI-PMH.xsd"><responseDate>2026-04-18T04:28:27Z</responseDate><request verb="GetRecord" identifier="oai:riubu.ubu.es:10259/10394" metadataPrefix="marc">https://riubu.ubu.es/oai/request</request><GetRecord><record><header><identifier>oai:riubu.ubu.es:10259/10394</identifier><datestamp>2025-04-01T00:05:28Z</datestamp><setSpec>com_10259_4145</setSpec><setSpec>com_10259_5086</setSpec><setSpec>com_10259_2604</setSpec><setSpec>col_10259_4146</setSpec></header><metadata><record xmlns="http://www.loc.gov/MARC21/slim" xmlns:doc="http://www.lyncode.com/xoai" xmlns:xsi="http://www.w3.org/2001/XMLSchema-instance" xmlns:dcterms="http://purl.org/dc/terms/" xsi:schemaLocation="http://www.loc.gov/MARC21/slim http://www.loc.gov/standards/marcxml/schema/MARC21slim.xsd">
<leader>00925njm 22002777a 4500</leader>
<datafield tag="042" ind1=" " ind2=" ">
<subfield code="a">dc</subfield>
</datafield>
<datafield tag="720" ind1=" " ind2=" ">
<subfield code="a">Toma, Radu Bogdan</subfield>
<subfield code="e">author</subfield>
</datafield>
<datafield tag="720" ind1=" " ind2=" ">
<subfield code="a">Ortiz Revilla, Jairo</subfield>
<subfield code="e">author</subfield>
</datafield>
<datafield tag="720" ind1=" " ind2=" ">
<subfield code="a">Greca Dufranc, Ileana María</subfield>
<subfield code="e">author</subfield>
</datafield>
<datafield tag="260" ind1=" " ind2=" ">
<subfield code="c">2018-11</subfield>
</datafield>
<datafield tag="520" ind1=" " ind2=" ">
<subfield code="a">La necesidad de impulsar la alfabetización científica desde edades tempranas y el generalizado descenso del interés por seguir carreras científico-tecnológicas representan algunas de las principales problemáticas de la investigación en Didáctica de las Ciencias. En este estudio se evalúan las actitudes hacia la ciencia de 960 estudiantes de 3º a 6º curso de Educación Primaria que asisten a actividades extracurriculares de ciencias. Los resultados muestran que, en general, estos estudiantes poseen actitudes favorables hacia la ciencia, sin embargo, su entusiasmo por la ciencia y sus actitudes hacia las clases de Ciencias de la Naturaleza descienden con el aumento del nivel escolar. La diferencia entre las actitudes de niños y niñas no es tan marcada como en la literatura existente, identificándose inclusive que las niñas poseen actitudes más positivas hacia los científicos. Estos resultados subrayan la necesidad de tomar medidas educativas enfocadas a prevenir el descenso de las actitudes de los estudiantes desde los cursos elementales del sistema educativo.</subfield>
</datafield>
<datafield tag="520" ind1=" " ind2=" ">
<subfield code="a">The need to promote scientific literacy since childhood and the general decline in interest in pursuing scientific-technological careers represent some of the main problems of research in science education. In this study, the attitudes towards science of 960 students enrolled in 3rd to 6th grades of Elementary Education who attend extracurricular science activities are evaluated. The results show that, in general, these students have favorable attitudes towards science, however, their enthusiasm in science and their attitudes towards science classes decrease with the increase of the school level. The difference in attitudes of boys and girls is not as marked as in existing literature studies, even identifying that girls have more positive attitudes towards scientists. These results highlight the need to take educational measures to prevent the decline of students' attitudes from the elementary courses.</subfield>
</datafield>
<datafield tag="024" ind2=" " ind1="8">
<subfield code="a">http://hdl.handle.net/10259/10394</subfield>
</datafield>
<datafield tag="024" ind2=" " ind1="8">
<subfield code="a">10.17979/arec.2019.3.1.4599</subfield>
</datafield>
<datafield tag="024" ind2=" " ind1="8">
<subfield code="a">2531-016X</subfield>
</datafield>
<datafield ind1=" " ind2=" " tag="653">
<subfield code="a">Actitudes hacia la ciencia</subfield>
</datafield>
<datafield ind1=" " ind2=" " tag="653">
<subfield code="a">Actitudes hacia la ciencia escolar</subfield>
</datafield>
<datafield ind1=" " ind2=" " tag="653">
<subfield code="a">Educación primaria</subfield>
</datafield>
<datafield ind1=" " ind2=" " tag="653">
<subfield code="a">Actividades científicas extracurriculares</subfield>
</datafield>
<datafield ind1=" " ind2=" " tag="653">
<subfield code="a">Attitudes towards science</subfield>
</datafield>
<datafield ind1=" " ind2=" " tag="653">
<subfield code="a">Attitudes towards school science</subfield>
</datafield>
<datafield ind1=" " ind2=" " tag="653">
<subfield code="a">Elementary education</subfield>
</datafield>
<datafield ind1=" " ind2=" " tag="653">
<subfield code="a">Extracurricular scientific activities</subfield>
</datafield>
<datafield tag="245" ind1="0" ind2="0">
<subfield code="a">¿Qué actitudes hacia la ciencia posee el alumnado de Educación Primaria que participa en actividades científicas extracurriculares?</subfield>
</datafield>
</record></metadata></record></GetRecord></OAI-PMH>